|
|
|
|
| LEADER |
00979nam a22002657a 4500 |
| 001 |
42108 |
| 003 |
BD-DhAAL |
| 005 |
20240215131402.0 |
| 008 |
240124t2006 bg ||||| |||| 00| 0 ben d |
| 020 |
|
|
|a 9844129560
|
| 040 |
|
|
|a BD-DhAAL
|d BD-DhAAL
|
| 041 |
|
|
|a ben
|
| 082 |
|
|
|a 891.44371
|2 22
|
| 100 |
|
|
|a করীম, ফজলুল.
|9 55982
|
| 245 |
|
|
|a অর্ধেক মানবী /
|c ফজলুল করীম.
|
| 260 |
|
|
|a ঢাকা :
|b অনন্যা,
|c ২০০৬.
|
| 300 |
|
|
|a ৭৫ পৃষ্ঠা :
|c ২২ সে.মি.
|
| 500 |
|
|
|a Novel.
|
| 541 |
|
|
|a Donated by Rebecca Dipa Khan
|e 42108
|
| 650 |
|
|
|a Bangladesh
|v Fiction.
|
| 650 |
|
|
|a Bengali Literature.
|
| 852 |
|
|
|a Ayesha Abed Library
|
| 942 |
|
|
|2 ddc
|c BK
|
| 999 |
|
|
|c 46328
|d 46328
|
| 952 |
|
|
|0 0
|1 0
|2 ddc
|4 0
|6 891_443710000000000_KAR
|7 0
|9 74988
|a BRACUL
|b BRACUL
|c GEN
|d 2024-01-24
|e Donated By Rebecca Dipa Khan
|g 75.00
|l 2
|m 11
|o 891.44371 KAR
|p 3010042108
|r 2025-11-20
|s 2025-11-06
|t 1
|w 2024-01-24
|y BK
|